ពស់ថ្លាន់របស់អ្នកតាអង្គ : (Record no. 8733)
[ view plain ]
| 000 -LEADER | |
|---|---|
| fixed length control field | 01959nam a22003137a 4500 |
| 001 - CONTROL NUMBER | |
| control field | 8733 |
| 003 - CONTROL NUMBER IDENTIFIER | |
| control field | FISKH |
| 005 - DATE AND TIME OF LATEST TRANSACTION | |
| control field | 20251014164132.0 |
| 008 - FIXED-LENGTH DATA ELEMENTS--GENERAL INFORMATION | |
| fixed length control field | 251014b cb ||||| |||| 00| 0 eng d |
| 020 ## - INTERNATIONAL STANDARD BOOK NUMBER | |
| International Standard Book Number | 9789996301735 |
| 040 ## - CATALOGING SOURCE | |
| Original cataloging agency | FISKH |
| Language of cataloging | khr |
| Transcribing agency | FISKH |
| Modifying agency | FISKH |
| 050 ## - LIBRARY OF CONGRESS CALL NUMBER | |
| Classification number | PZ7 |
| 082 ## - DEWEY DECIMAL CLASSIFICATION NUMBER | |
| Classification number | 597.96 |
| 100 ## - MAIN ENTRY--PERSONAL NAME | |
| Personal name | Ngem, Say |
| 245 ## - TITLE STATEMENT | |
| Title | ពស់ថ្លាន់របស់អ្នកតាអង្គ : |
| Remainder of title | The boa contrictor of Neak Ta Angk / |
| Statement of responsibility, etc. | លោក សាយ ងីម |
| 260 ## - PUBLICATION, DISTRIBUTION, ETC. | |
| Place of publication, distribution, etc. | Phnom Penh : |
| Name of publisher, distributor, etc. | Reading Books , |
| Date of publication, distribution, etc. | 2012. |
| 300 ## - PHYSICAL DESCRIPTION | |
| Extent | 24 pages : |
| Other physical details | color illustrations ; |
| Dimensions | 24 cm . |
| 490 ## - SERIES STATEMENT | |
| Series statement | ពិភពរឿងនិទាន |
| 505 ## - FORMATTED CONTENTS NOTE | |
| Formatted contents note | K <br/> |
| 520 ## - SUMMARY, ETC. | |
| Summary, etc. | រឿងនេះផ្តោតទៅលើជីវិតសត្វព្រៃចង់អប់រំដល់មនុស្សគ្រប់រូបអោយប្រព្រឹត្តតែអំពើល្អ ព្រោះសត្វក៏ចង់រស់រានមានជីវិត ចង់មានក្តីសុខ ចង់ជួបជុំគ្រួសារ និងចង់មានសេរីភាពដូចមនុស្សយើងដែរគ្រាន់តែវាមិនចេះនិយាយ ។ |
| 520 ## - SUMMARY, ETC. | |
| Summary, etc. | This story is a tale focusing on the protection of the life of wild animals. This story is intended to educate people to treat well on the animals because they want to service, to live in happiness, the dwell with their families and to have freedom just like human being, too . The difference is that they cannot speak . |
| 521 8# - TARGET AUDIENCE NOTE | |
| Target audience note | 510 <br/> |
| Source | Lexile estimate <br/> |
| 521 8# - TARGET AUDIENCE NOTE | |
| Target audience note | K <br/> |
| Source | Raz-Plus <br/><br/> |
| 650 ## - SUBJECT ADDED ENTRY--TOPICAL TERM | |
| Topical term or geographic name entry element | ពស់ថ្លាន់របស់អ្នកតាអង្គ |
| Form subdivision | រឿងនិទានកុមារ |
| 650 ## - SUBJECT ADDED ENTRY--TOPICAL TERM | |
| Topical term or geographic name entry element | The boa constrictor of Neak Ta Angk |
| Form subdivision | Children's stories |
| 700 ## - ADDED ENTRY--PERSONAL NAME | |
| Personal name | Vichit, Prom |
| Relator term | Illustrator |
| 942 ## - ADDED ENTRY ELEMENTS (KOHA) | |
| Source of classification or shelving scheme | Dewey Decimal Classification |
| Koha item type | Khmer Books |
| Suppress in OPAC | No |
| Withdrawn status | Lost status | Source of classification or shelving scheme | Damaged status | Not for loan | Collection | Home library | Current library | Shelving location | Date acquired | Total Checkouts | Full call number | Barcode | Date last seen | Price effective from | Koha item type |
|---|---|---|---|---|---|---|---|---|---|---|---|---|---|---|---|
| Dewey Decimal Classification | Khmer-English Bilingual / ភាសាខ្មែរ-អង់គ្លេស | Footprints International School Library Network Toul Tom Poung Campus | Footprints International School Library Network Toul Tom Poung Campus | TTP Primary Khmer Bookshelves | 10/14/2025 | GNE PZ7 597.96 | FISBK03822 | 10/14/2025 | 10/14/2025 | Khmer Books |
